Подробности
| 000 -МАРКЕР |
| контрольное поле |
05928ncm0a2200577 4500 |
| 001 - ИДЕНТИФИКАТОР ЗАПИСИ |
| контрольное поле |
RU\NLR\ONIZ\194136 |
| 005 - ИДЕНТИФИКАТОР ВЕРСИИ |
| контрольное поле |
20250614044237.0 |
| 035 ## - ДРУГИЕ СИСТЕМНЫЕ НОМЕРА |
| Идентификатор записи |
RU\NLR\ONIZ\lanatalya\5000000163\20110209194136 |
| 035 ## - ДРУГИЕ СИСТЕМНЫЕ НОМЕРА |
| Идентификатор записи |
(NLR Aleph) 010403110 |
| 100 ## - ДАННЫЕ ОБЩЕЙ ОБРАБОТКИ |
| Данные общей обработки |
20110209d2010 |||y0rusy50 ca |
| 101 0# - ЯЗЫК РЕСУРСА |
| Язык текста, звукозаписи и т.д. |
английский |
| -- |
русский |
| 102 ## - СТРАНА ПУБЛИКАЦИИ ИЛИ ПРОИЗВОДСТВА |
| Страна публикации |
Российская Федерация |
| 125 ## - ПОЛЕ КОДИРОВАННЫХ ДАННЫХ: ЗВУКОЗАПИСИ И НОТНЫЕ ИЗДАНИЯ |
| Форма изложения нотного текста |
zx |
| 128 ## - ПОЛЕ КОДИРОВАННЫХ ДАННЫХ: МУЗЫКАЛЬНАЯ ФОРМА, ТОНАЛЬНОСТЬ И ЛАД |
| Музыкальная форма |
wz |
| -- |
vr |
| -- |
inv |
| -- |
mr |
| -- |
nc |
| -- |
prd |
| -- |
rd |
| -- |
sch |
| -- |
st |
| -- |
hum |
| 145 0# - ПОЛЕ КОДИРОВАННЫХ ДАННЫХ: СРЕДСТВО ИСПОЛНЕНИЯ МУЗЫКАЛЬНОГО ПРОИЗВЕДЕНИЯ (УСТАРЕВШЕЕ) |
| Тип средства исполнения |
b |
| 200 1# - ЗАГЛАВИЕ И СВЕДЕНИЯ ОБ ОТВЕТСТВЕННОСТИ |
| Основное заглавие |
Альбом для детей и юношества |
| Общее обозначение материала |
Ноты |
| Сведения, относящиеся к заглавию |
для фп. |
| Параллельное заглавие |
Album for children and young people |
| Сведения, относящиеся к заглавию |
for piano |
| Язык параллельного заглавия |
английский |
| Первые сведения об ответственности |
В. Соловьев |
| 210 ## - ПУБЛИКАЦИЯ, РАСПРОСТРАНЕНИЕ И ДР. |
| Место издания, распространения и т.д. |
Санкт-Петербург |
| Имя издателя, распространителя и т. д. |
Знакъ |
| Дата издания, распространения и т.д. |
2010 |
| 215 ## - ФИЗИЧЕСКАЯ ХАРАКТЕРИСТИКА |
| Специфическое обозначение материала и объем |
52 с. |
| Другие сведения о физической характеристике |
ил. |
| Размеры |
30 см |
| 300 ## - ОБЩИЕ ПРИМЕЧАНИЯ |
| Текст примечания |
На с. 2-3 обл. : ст. авт. |
| 300 ## - ОБЩИЕ ПРИМЕЧАНИЯ |
| Текст примечания |
На с. 2 обл. : дарств. надпись авт. |
| 313 ## - ПРИМЕЧАНИЯ, ОТНОСЯЩИЕСЯ К ТЕМАТИЧЕСКОМУ ДОСТУПУ |
| Текст примечания |
Систематизация документа проведена по изданию - Методика классифицирования музыкальных произведений (нотных изданий) по таблицам Библиотечно-библиографических классификаций : метод. рекомендации / Гос. б-ка СССР им. В.И. Ленина.- М., 1977. Индексу ББК методических рекомендаций присваивается код ББК для научных библиотек - LBC/SL |
| 327 1# - ПРИМЕЧАНИЯ О СОДЕРЖАНИИ |
| Текст примечания |
1. Лёгкий марш = Easy march; |
| -- |
2. Кукольный вальс = Waltz of dolls; |
| -- |
3. Полька - Юлька = Polka - Julka; |
| -- |
4. Проснись и действуй : (Юмореска) = To waken and to work : (Humoreska); |
| -- |
5. Трудный урок : (Этюд) = Diffikalet lesson : (Etude); |
| -- |
6. Пасмурное утро : (Прелюдия) = Misty Morning : (Prelude); |
| -- |
7. Пейзаж с дождём : (Ноктюрн) = Landscape with rain : (Nocturne); |
| -- |
8. Солнечные зайчики : (Инвенция) = Sunligt reflection : (Invention); |
| -- |
9. Колыбельная = Lullaby; |
| -- |
10. Цирк приехал : (Скерцо) = Circus coming : (Scherzo); |
| -- |
11. Летний вальс : (Танец) = Summer waltz : (Dance); |
| -- |
12. На лесной опушке : (Вариации) = On forest glade : (Variations); |
| -- |
13. Каникулы : (Рондо) = Holidays : (Rondo); |
| -- |
14. Сказка = Fairy - tale; |
| -- |
15. Старинный танец = Old - fashioned dance; |
| -- |
16. Школьный день : (Сонатина) = School day : (Sonatina) |
| 464 #0 - АНАЛИТИЧЕСКИЙ УРОВЕНЬ |
| Встроенное поле |
2001#$aЛёгкий марш$dEasy march$zeng |
| -- |
215##$aС.2-3 |
| -- |
686##$aЩ954.298-058.53(2Р=Р)$vLBC/SL$2rubbk |
| Заглавие |
Лёгкий марш |
| 464 #0 - АНАЛИТИЧЕСКИЙ УРОВЕНЬ |
| Встроенное поле |
2001#$aКукольный вальс$zeng$dWaltz of dolls |
| -- |
215##$aС.4-5 |
| -- |
686##$aЩ954.298-058.55(2Р=Р)$vLBC/SL$2rubbk |
| Заглавие |
Кукольный вальс |
| 464 #0 - АНАЛИТИЧЕСКИЙ УРОВЕНЬ |
| Встроенное поле |
2001#$aПолька - Юлька$dPolka - Julka$zeng |
| -- |
215##$aС.6-7 |
| -- |
686##$aЩ954.298-058.55(2Р=Р)$vLBC/SL$2rubbk |
| Заглавие |
Полька - Юлька |
| 464 #0 - АНАЛИТИЧЕСКИЙ УРОВЕНЬ |
| Встроенное поле |
2001#$aПроснись и действуй$e(Юмореска)$dTo waken and to work$e(Humoreska)$zeng |
| -- |
215##$aС.8-9 |
| -- |
686##$aЩ954.298-058.8(2Р=Р)$vLBC/SL$2rubbk |
| Заглавие |
Проснись и действуй |
| 464 #0 - АНАЛИТИЧЕСКИЙ УРОВЕНЬ |
| Встроенное поле |
2001#$aТрудный урок$e(Этюд)$dDiffikalet lesson$e(Etude)$zeng |
| -- |
215##$aС.10-11 |
| -- |
686##$aЩ954.294-058.2(2Р=Р)$vLBC/SL$2rubbk |
| Заглавие |
Трудный урок |
| 464 #0 - АНАЛИТИЧЕСКИЙ УРОВЕНЬ |
| Встроенное поле |
2001#$aПасмурное утро$e(Прелюдия)$dMisty Morning$e(Prelude)$zeng |
| -- |
215##$aС.12 |
| -- |
686##$aЩ954.298-058.4(2Р=Р)$vLBC/SL$2rubbk |
| Заглавие |
Пасмурное утро |
| 464 #0 - АНАЛИТИЧЕСКИЙ УРОВЕНЬ |
| Встроенное поле |
2001#$aПейзаж с дождём$e(Ноктюрн)$dLandscape with rain$e(Nocturne)$zeng |
| -- |
215##$aС.13-15 |
| -- |
686##$aЩ954.298-058.7(2Р=Р)$vLBC/SL$2rubbk |
| Заглавие |
Пейзаж с дождём |
| 464 #0 - АНАЛИТИЧЕСКИЙ УРОВЕНЬ |
| Встроенное поле |
2001#$aСолнечные зайчики$e(Инвенция)$dSunligt reflection$e(Invention)$zeng |
| -- |
215##$aС.16-17 |
| -- |
686##$aЩ954.298-045(2Р=Р)$vLBC/SL$2rubbk |
| Заглавие |
Солнечные зайчики |
| 464 #0 - АНАЛИТИЧЕСКИЙ УРОВЕНЬ |
| Встроенное поле |
2001#$aКолыбельная$dLullaby$zeng |
| -- |
215##$aС.18-19 |
| -- |
686##$aЩ954.298-058.3(2Р=Р)$vLBC/SL$2rubbk |
| Заглавие |
Колыбельная |
| 464 #0 - АНАЛИТИЧЕСКИЙ УРОВЕНЬ |
| Встроенное поле |
2001#$aЦирк приехал$e(Скерцо)$dCircus coming$e(Scherzo)$zeng |
| -- |
215##$aС.20-23 |
| -- |
686##$aЩ954.298-056(2Р=Р)$vLBC/SL$2rubbk |
| Заглавие |
Цирк приехал |
| 464 #0 - АНАЛИТИЧЕСКИЙ УРОВЕНЬ |
| Встроенное поле |
2001#$aЛетний вальс$e(Танец)$dSummer waltz$e(Dance)$zeng |
| -- |
215##$aС.24-26 |
| -- |
686##$aЩ954.298-058.55(2Р=Р)$vLBC/SL$2rubbk |
| Заглавие |
Летний вальс |
| 464 #0 - АНАЛИТИЧЕСКИЙ УРОВЕНЬ |
| Встроенное поле |
2001#$aНа лесной опушке$e(Вариации)$dOn forest glade$e(Variations)$zeng |
| -- |
215##$aС.27-31 |
| -- |
686##$aЩ954.298-055(2Р=Р)$vLBC/SL$2rubbk |
| Заглавие |
На лесной опушке |
| 464 #0 - АНАЛИТИЧЕСКИЙ УРОВЕНЬ |
| Встроенное поле |
2001#$aКаникулы$e(Рондо)$dHolidays$e(Rondo)$zeng |
| -- |
215##$aС.32-37 |
| -- |
686##$aЩ954.298-056(2Р=Р)$vLBC/SL$2rubbk |
| Заглавие |
Каникулы |
| 464 #0 - АНАЛИТИЧЕСКИЙ УРОВЕНЬ |
| Встроенное поле |
2001#$aСказка$dFairy - tale$zeng |
| -- |
215##$aС.38-41 |
| -- |
686##$aЩ954.298-058.9(2Р=Р)$vLBC/SL$2rubbk |
| Заглавие |
Сказка |
| 464 #0 - АНАЛИТИЧЕСКИЙ УРОВЕНЬ |
| Встроенное поле |
2001#$aСтаринный танец$dOld - fashioned dance$zeng |
| -- |
215##$aС.42-45 |
| -- |
686##$aЩ954.298-058.55(2Р=Р)$vLBC/SL$2rubbk |
| Заглавие |
Старинный танец |
| 464 #0 - АНАЛИТИЧЕСКИЙ УРОВЕНЬ |
| Встроенное поле |
2001#$aШкольный день$e(Сонатина)$dSchool day$e(Sonatina)$zeng |
| -- |
215##$aС.46-51 |
| -- |
686##$aЩ954.295-041(2Р=Р)$vLBC/SL$2rubbk |
| Заглавие |
Школьный день |
| 686 ## - ИНДЕКСЫ ДРУГИХ КЛАССИФИКАЦИЙ |
| Индекс |
Щ954.298(2Р=Р)я44 |
| Издание |
LBC/SL |
| Код системы |
|
| 686 ## - ИНДЕКСЫ ДРУГИХ КЛАССИФИКАЦИЙ |
| Индекс |
Щ985.42(2Р=Р)я44 |
| Издание |
LBC/SL |
| Код системы |
|
| 700 #1 - ИМЯ ЛИЦА - ПЕРВИЧНАЯ ОТВЕТСТВЕННОСТЬ |
| Системный номер авторитетной/нормативной записи |
z02790 |
| Начальный элемент ввода |
Соловьев |
| Часть имени, кроме начального элемента ввода |
В. Г. |
| Даты |
1937- |
| Расширение инициалов личного имени |
Владислав Георгиевич |
| Код отношения |
Композитор |
| -- |
Автор дарственной надписи |
| -- |
Даритель |
| Графика поля |
Кириллица |
| 790 #1 - ИМЯ ЛИЦА - АЛЬТЕРНАТИВНАЯ ФОРМА |
| Системный номер авторитетной/нормативной записи |
z02700 |
| Начальный элемент ввода |
Solov`yev |
| Часть имени, кроме начального элемента ввода |
V. G. |
| Даты |
1937- |
| Расширение инициалов личного имени |
Vladislav Georgievich |
| Код отношения |
Композитор |
| -- |
Автор дарственной надписи |
| -- |
Даритель |
| 801 #0 - ИСТОЧНИК ЗАПИСИ |
| Страна |
Российская Федерация |
| Организация |
NLR |
| Дата составления |
20110209 |
| Правила каталогизации |
PSBO |
| 801 #1 - ИСТОЧНИК ЗАПИСИ |
| Страна |
Российская Федерация |
| Организация |
NLR |
| Дата составления |
20110209 |
| Источник данных |
rusmarc |
| 801 #2 - ИСТОЧНИК ЗАПИСИ |
| Страна |
Российская Федерация |
| Организация |
NLR |
| Дата составления |
20190302 |
| 852 ## - МЕСТОНАХОЖДЕНИЕ И ШИФР ХРАНЕНИЯ |
| Идентификатор организации |
NLR |
| Наименование фонда или коллекции (Sub-Location Identifier) |
М |
| Шифр хранения (Call Number) |
986/287 |
| Страна |
|
| Номер экземпляра |
1 |
| 942 ## - ДОПОЛНИТЕЛЬНЫЕ ЭЛЕМЕНТЫ ЗАПИСИ (АБИС) |
| Тип экземпляра АБИС |
Ноты |
| 980 ## - КОЛЛЕКЦИЯ |
| Название коллекции |
Национальная библиография |
| 980 ## - КОЛЛЕКЦИЯ |
| Название коллекции |
Отдел нот и звукозаписей |